Senior MPs by Picture - Statistics

General Stats
  • This quiz has been taken 51 times
  • The average score is 8 of 14
Answer Stats
Picture Answer % Correct
Jeremy Corbyn
100%
Diane Abbott
93%
Harriet Harman
77%
Margaret Beckett
70%
David Davis
65%
David Amess
63%
John Redwood
56%
Peter Bottomley
53%
Nick Brown
47%
Barry Sheerman
44%
Bill Cash
44%
Edward Leigh
40%
George Howarth
33%
Roger Gale
28%
No matching quizzes found
Score Distribution
Percent of People with Each Score
Percentile by Number Answered
Your Score History
You have not taken this quiz